|
|
|
|
| LEADER |
00000nam a2200000 4500 |
| 001 |
vtls011974192 |
| 003 |
SK-MaSNL |
| 005 |
20260301145506.0 |
| 008 |
251112s1738 gw f 010 0 lat |
| 015 |
|
|
|a SNBHFA1738
|
| 040 |
|
|
|a SNKHF
|b slo
|c SNKHF
|e rda
|
| 041 |
0 |
|
|a lat
|
| 044 |
|
|
|a gw
|c DE
|
| 072 |
|
7 |
|a 2-1
|x Prirodzená teológia. Náboženská filozofia
|2 konspekt
|
| 080 |
|
|
|a 2-1
|2 2011
|
| 080 |
|
|
|a (043.3)
|2 2011
|
| 100 |
1 |
|
|a Meier, Georg Friedrich,
|d 1718-1777
|4 aut
|4 dto
|9 356028
|
| 245 |
1 |
0 |
|a Exercitatio Theologica De Discrimine Ejus Quod Naturale Et Morale Dicitur In Theologia / Quam
|c Præside Viro Summe Reverendo, Amplissimo, Doctissimo Sigism. Jac. Baumgarten, S. S. Theol. P. P. O. Et H. T. Ord. Theol. Decano, In Academia Fridericiana Placido Eruditorium Examini Subjecit Horo Locoqve Consveto ; Auctor Georg Frid. Meier Ammendorffensis
|
| 264 |
|
3 |
|a Halæ Magdeburgicæ
|b Litteris Hendelianis
|c 1738
|
| 300 |
|
|
|a 63 strán
|c 4°
|
| 336 |
|
|
|a text
|b txt
|2 rdacontent
|
| 337 |
|
|
|a bez média
|b n
|2 rdamedia
|
| 338 |
|
|
|a zväzok
|b nc
|2 rdacarrier
|
| 500 |
|
|
|a Vinety, iniciálky na 4, 8 riadkov, kustody
|
| 501 |
|
|
|a Príväzok 2. k: KESSERLING, Ernst Friedrich. Dissertatio Theologica De Anamartēsia. Halae Magdebvrgicae: Litteris Emanvelis Schneideri, Acad. Typogr., 1739. 4°.
|5 SNK ID 103009
|
| 502 |
|
|
|a Dizertačná práca (Doktor) -- Universität Halle, Halle, 1738
|
| 504 |
|
|
|a Marginálie
|
| 508 |
|
|
|a Predslov
|
| 508 |
|
|
|a Dedikácia: Meier, Georg Friedrich; Francke, Heinrich Gottlieb, Lange, Joachim, Michaelis, Christian Benedikt, Baumgarten, Siegmund Jakob, Clauswitz, Benedikt Gottlieb
|
| 510 |
4 |
|
|a OCLC 1035720791
|
| 546 |
|
|
|a Latinčina
|b Kurzíva
|
| 561 |
|
|
|a Z knižnice Učenej spoločnosti malohontskej.
|5 SNK ID 103009/prív.2
|
| 650 |
0 |
7 |
|a teológia
|2 SNKPH
|9 1814
|
| 655 |
|
7 |
|a dizertácie
|2 SNKPH
|9 70277
|
| 700 |
1 |
|
|a Baumgarten, Siegmund Jakob,
|d 1706-1757
|4 ths
|4 hnr
|9 276367
|
| 700 |
1 |
|
|a Francke, Heinrich Gottlieb,
|d 1705-1781
|4 hnr
|9 505372
|
| 700 |
1 |
|
|a Lange, Joachim,
|d 1670-1744
|4 hnr
|9 363599
|
| 700 |
1 |
|
|a Michaelis, Christian Benedikt,
|d 1680-1764
|4 hnr
|9 430474
|
| 700 |
1 |
|
|a Clauswitz, Benedikt Gottlieb,
|d 1692-1749
|4 hnr
|9 505373
|
| 700 |
1 |
|
|a Knapp, Georg Johann
|4 hnr
|9 505374
|
| 700 |
1 |
|
|a Hendel, Johann Christian
|b I.,
|d 1692-1757
|4 prt
|9 180571
|
| 710 |
2 |
|
|a Učená spoločnosť malohontská
|4 fmo
|9 205374
|
| 710 |
0 |
|
|a Hendel, Johann Christian I. (Halle, Nemecko),
|d 1717-1757
|4 prt
|9 180572
|
| 752 |
|
|
|a Nemecko
|d Halle
|
| 852 |
|
|
|a snk
|b Historické fondy
|p ID 103009/prív.2
|
| 958 |
|
|
|a DD
|
| 958 |
|
|
|a ONDV
|
| 999 |
|
|
|c 780340
|d 782270
|
| 952 |
|
|
|t MHC 1510
|a SNK
|b SNK
|c SNK_HF
|y PREZ
|7 0
|p 17A1358255
|o snkID 103009/prív.2
|i snk2020/10489
|8 5
|0 0
|1 0
|4 0
|d 2020-06-16
|l 0
|r 2026-02-24 01:02:42
|w 2026-02-24
|